| 000 | 00333nam a22001217a 4500 | ||
|---|---|---|---|
| 003 | SGT | ||
| 082 |
_a330 _bULV |
||
| 100 | _aULVILA MARKO | ||
| 245 |
_aSUSTAINABLE FUTURES _bREPLACING GROWTH IMPERATIVE AND HIERARCHIES WITH SUSTAINABLE WAYS |
||
| 260 |
_aFINLAND _bMINISTRY OF FOREIGN AFFAIRS _c2009 |
||
| 300 | _a248 | ||
| 942 |
_2ddc _cBK |
||
| 999 |
_c25525 _d25525 |
||